000
00287nam a22001337a 4500
008
170227b xxu||||| |||| 00| 0 eng d
020
_a
0815177933
041
_a
eng
080
_a
618
100
_a
5
101
_a
shk
245
_a
YEARB OOK OF SURGERY
_c
COPELAND, E.M
942
_2
udc
_c
BK
999
_c
6258
_d
6258